000 00537nmm a2200157Ia 4500
008 251105s9999||||xx |||||||||||||||||und||
020 _a9789562846325
041 _aspa
100 _aYáñez Andrade, Juan Carlos
245 0 _aLa intervención social en Chile y el nacimiento de la sociedad salarial (1907-1932)
264 _a[Santiago de Chile, Chile] :
_bRil editores,
_c2008
300 _a336 páginas
650 _aHistory of the Americas: Latin America
856 _uhttps://public.digitaliapublishing.com/a/18616
942 _cCF
999 _c94421
_d94421